| 000 | 01336nam a2200253 a 4500 | ||
|---|---|---|---|
| 001 | 40951 | ||
| 003 | BD-RjUL | ||
| 005 | 20211209053313.0 | ||
| 008 | 160512s2012 bg |||| b||| 00| 0 ben d | ||
| 020 |
_a9847601763 _c: TK 200.00 |
||
| 035 | _a(BD-RjUL)41067 | ||
| 040 |
_aBD-RjUL _bben _cBD-RjUL |
||
| 041 | _aben | ||
| 082 |
_223 _a294.584 _bMAN 2012 |
||
| 245 | 0 | 0 |
_aমনুসংহিতা : _bপ্রাচীন ভারতীয় রাষ্ট্রবিজ্ঞান / _cসম্পাদনায় মঞ্জুলা চৌধুরী |
| 246 |
_aসপ্তমাধ্যায় : _bরাজধর্ম |
||
| 260 |
_aঢাকা : _bমিজানুর রহমান সরদার, _c২০১২ |
||
| 300 |
_a১৭৪ পৃ. ; _c২৩ সেমি. |
||
| 500 | _a"বাংলা অক্ষরে মূল পাঠ্যাংশ, শব্দার্থ, বঙ্গানুবাদ ও কুল্লুকভট্রকৃত মন্বররথমুক্তাবলী টীকাসহ" | ||
| 650 |
_aHindu Law _9122777 _xEarly Work to 1800 |
||
| 650 |
_aহিন্দু আইন _xপ্রারম্ভিক কাজ ১৮০০ _9126045 |
||
| 700 |
_aচৌধুরী, মঞ্জুলা, সম্পাদক _9122778 |
||
| 942 |
_2ddc _cBK |
||
| 999 |
_c40951 _d40951 |
||